<?xml version="1.0" encoding="UTF-8"?>
<record
    xmlns:xsi="http://www.w3.org/2001/XMLSchema-instance"
    xsi:schemaLocation="http://www.loc.gov/MARC21/slim http://www.loc.gov/standards/marcxml/schema/MARC21slim.xsd"
    xmlns="http://www.loc.gov/MARC21/slim">

  <leader>00484nam a22001817a 4500</leader>
  <controlfield tag="005">20230117120925.0</controlfield>
  <controlfield tag="008">170915b        xxu||||| |||| 00| 0 eng d</controlfield>
  <datafield tag="020" ind1=" " ind2=" ">
    <subfield code="a">978-81-31-2710-2</subfield>
  </datafield>
  <datafield tag="041" ind1=" " ind2=" ">
    <subfield code="a">eng</subfield>
  </datafield>
  <datafield tag="082" ind1=" " ind2=" ">
    <subfield code="a">547.07</subfield>
    <subfield code="b">MAN-P</subfield>
  </datafield>
  <datafield tag="100" ind1=" " ind2=" ">
    <subfield code="a">MANN, F.G. AND SAUNDERS,B.C.</subfield>
    <subfield code="9">3917</subfield>
  </datafield>
  <datafield tag="245" ind1=" " ind2=" ">
    <subfield code="a">PRACTICAL ORGANIC CHEMISTRY</subfield>
    <subfield code="c">F.G.MANN AND B.C.SAUNDERS</subfield>
  </datafield>
  <datafield tag="250" ind1=" " ind2=" ">
    <subfield code="a">4th.</subfield>
  </datafield>
  <datafield tag="260" ind1=" " ind2=" ">
    <subfield code="b">PEARSON</subfield>
    <subfield code="c">2009</subfield>
  </datafield>
  <datafield tag="300" ind1=" " ind2=" ">
    <subfield code="a">586p,</subfield>
  </datafield>
  <datafield tag="650" ind1=" " ind2=" ">
    <subfield code="a">PHARMACY</subfield>
    <subfield code="x">B.PHARMA &amp; D.PHARMA</subfield>
    <subfield code="9">7472</subfield>
  </datafield>
  <datafield tag="942" ind1=" " ind2=" ">
    <subfield code="c">BK</subfield>
  </datafield>
  <datafield tag="999" ind1=" " ind2=" ">
    <subfield code="c">5558</subfield>
    <subfield code="d">5556</subfield>
  </datafield>
  <datafield tag="952" ind1=" " ind2=" ">
    <subfield code="0">0</subfield>
    <subfield code="1">0</subfield>
    <subfield code="4">0</subfield>
    <subfield code="7">0</subfield>
    <subfield code="8">REF</subfield>
    <subfield code="a">JRU</subfield>
    <subfield code="b">JRU</subfield>
    <subfield code="c">SHELF-3-B</subfield>
    <subfield code="d">2017-09-15</subfield>
    <subfield code="e">PURCHESS</subfield>
    <subfield code="g">689.00</subfield>
    <subfield code="l">0</subfield>
    <subfield code="o">547</subfield>
    <subfield code="p">21903</subfield>
    <subfield code="r">2017-09-15 00:00:00</subfield>
    <subfield code="w">2017-09-15</subfield>
    <subfield code="y">BK</subfield>
  </datafield>
  <datafield tag="952" ind1=" " ind2=" ">
    <subfield code="0">0</subfield>
    <subfield code="1">0</subfield>
    <subfield code="4">0</subfield>
    <subfield code="7">0</subfield>
    <subfield code="8">PHARMACY</subfield>
    <subfield code="a">JRU</subfield>
    <subfield code="b">JRU</subfield>
    <subfield code="c">Shelf - 27- I</subfield>
    <subfield code="d">2017-09-15</subfield>
    <subfield code="e">PURCHESS</subfield>
    <subfield code="g">689.00</subfield>
    <subfield code="l">0</subfield>
    <subfield code="o">547</subfield>
    <subfield code="p">21904</subfield>
    <subfield code="r">2017-09-15 00:00:00</subfield>
    <subfield code="w">2017-09-15</subfield>
    <subfield code="y">BK</subfield>
  </datafield>
  <datafield tag="952" ind1=" " ind2=" ">
    <subfield code="0">0</subfield>
    <subfield code="1">0</subfield>
    <subfield code="4">0</subfield>
    <subfield code="7">0</subfield>
    <subfield code="8">PHARMACY</subfield>
    <subfield code="a">JRU</subfield>
    <subfield code="b">JRU</subfield>
    <subfield code="c">Shelf - 27- I</subfield>
    <subfield code="d">2022-02-19</subfield>
    <subfield code="e">PURCHASE</subfield>
    <subfield code="g">759.00</subfield>
    <subfield code="l">0</subfield>
    <subfield code="o">547</subfield>
    <subfield code="p">26569</subfield>
    <subfield code="r">2022-02-19 00:00:00</subfield>
    <subfield code="w">2022-02-19</subfield>
    <subfield code="y">BK</subfield>
  </datafield>
  <datafield tag="952" ind1=" " ind2=" ">
    <subfield code="0">0</subfield>
    <subfield code="1">0</subfield>
    <subfield code="4">0</subfield>
    <subfield code="7">0</subfield>
    <subfield code="8">PHARMACY</subfield>
    <subfield code="a">JRU</subfield>
    <subfield code="b">JRU</subfield>
    <subfield code="c">Shelf - 27- I</subfield>
    <subfield code="d">2022-02-21</subfield>
    <subfield code="e">PURCHASE</subfield>
    <subfield code="g">759.00</subfield>
    <subfield code="l">0</subfield>
    <subfield code="o">547</subfield>
    <subfield code="p">26593</subfield>
    <subfield code="r">2022-02-21 00:00:00</subfield>
    <subfield code="w">2022-02-21</subfield>
    <subfield code="y">BK</subfield>
  </datafield>
  <datafield tag="952" ind1=" " ind2=" ">
    <subfield code="0">0</subfield>
    <subfield code="1">0</subfield>
    <subfield code="4">0</subfield>
    <subfield code="7">0</subfield>
    <subfield code="8">PHARMACY</subfield>
    <subfield code="a">JRU</subfield>
    <subfield code="b">JRU</subfield>
    <subfield code="c">Shelf - 27- I</subfield>
    <subfield code="d">2022-02-21</subfield>
    <subfield code="e">PURCHASE</subfield>
    <subfield code="g">759.00</subfield>
    <subfield code="l">0</subfield>
    <subfield code="o">547</subfield>
    <subfield code="p">26594</subfield>
    <subfield code="r">2022-02-21 00:00:00</subfield>
    <subfield code="w">2022-02-21</subfield>
    <subfield code="y">BK</subfield>
  </datafield>
</record>
